000 00363 a2200145 4500
005 20250628150145.0
020 _a0-07-911983-2
082 _a004 O'LE
100 _aOLEARY, T
245 _aTeaching Materials to Accompany Windows 95
260 _aNew York,
_bMcGraw Hill,
_c1996
300 _avi,51p.; ill.; table
_c27cm
700 _aOLEARY, L.
942 _2ddc
_cBKS
999 _c6076
_d6076